| 000 | 00505nam a22001697a 4500 | ||
|---|---|---|---|
| 003 | CEME | ||
| 005 | 20210628204038.0 | ||
| 008 | 210106b xxu||||| |||| 00| 0 eng d | ||
| 020 | _a9780857298676 | ||
| 040 | _cceme | ||
| 082 | _a610.28 ECH | ||
| 100 |
_aGacek, Adam, Pedrycz, Witold _968417 |
||
| 245 | _aEcg signal processing, classification and interpretation, a comprehensive framework of computational intelligence | ||
| 260 |
_aNEW YORK _bSPRINGER _c2012 |
||
| 300 | _aX, 278P | ||
| 942 |
_cBK _2ddc |
||
| 999 |
_c576002 _d576002 |
||